000 00811nam a2200265 i 4500
001 C2-0277096
003 PPAK
005 20180728005245.0
008 070107s2006 my a|||| ||||| | eng d
020 _a9834289030 ; 9789834289034
040 _aPPAK
_beng
_cPPAK
_erda
082 0 4 _a032.02
_223
090 0 0 _a032.02
_bLEE
_dRK
100 0 _aLeena Abdullah,
_eauthor
245 1 0 _aPlanet earth and the danger it faces
264 1 _aPetaling Jaya, Selangor :
_bPenerbit Info Jaya ,
_c2006
300 _a58 pages :
_bcolour illustrations, colour photographs ;
_c27 cm
336 _2rdacontent
_atext
337 _2rdamedia
_aunmediated
338 _2rdacarrier
_avolume
490 1 _aScientific headstart series
650 1 0 _aIncludes glossary
830 0 _aScientific headstart series
942 _ddc
_cB
999 _c84366
_d84366